Basketball Players by Picture - Slovenia - Statistics

General Stats
  • This quiz has been taken 28 times
  • The average score is 12 of 25
Answer Stats
Picture Answer % Correct
Luka Dončić
100%
Goran Dragić
93%
Zoran Dragić
93%
Klemen Prepelič
80%
Jaka Blažič
73%
Vlatko Čančar
73%
Aleksej Nikolić
67%
Edo Murić
60%
Jaka Lakovič
60%
Gašper Vidmar
53%
Mike Tobey
53%
Boštjan Nachbar
47%
Erazem Lorbek
40%
Ivo Daneu
40%
Radoslav Nesterović
40%
Saša Vujačić
40%
Beno Udrih
33%
Jure Zdovc
33%
Marko Milič
33%
Primož Brezec
33%
Matjaž Smodiš
27%
Uroš Slokar
27%
Sani Bečirović
20%
Marko Tušek
13%
Teoman Alibegović
13%
No matching quizzes found
Score Distribution
Percent of People with Each Score
Percentile by Number Answered
Your Score History
You have not taken this quiz